| 000 | 00958nas a2200289 4500 | ||
|---|---|---|---|
| 001 | BR0801676 | ||
| 003 | BR-BrBNA | ||
| 005 | 20231205111726.0 | ||
| 007 | ta | ||
| 008 | 230509b bl.|||p| |||| 00| 00por d | ||
| 040 |
_aBR-BrBNA _bpor _cBiblioteca Nacional de Agricultura |
||
| 041 | _a(Pt) | ||
| 072 | _aL40 | ||
| 100 | 1 | _aHennemann, C.R. de A. | |
| 100 | 1 | _aPolydoro, A. da S. | |
| 100 | 1 | _aGomes, C.M. | |
| 100 | 1 | _aCosta, M.C.A. da | |
| 245 | 1 |
_aDiagnóstico de peritonite biliosa em um cão através do achado citológico de material mucinoso no fluído abdominal _bRelato de caso |
|
| 650 | _aCÃO | ||
| 650 | _aCITOLOGIA | ||
| 650 | _aFÍGADO | ||
| 650 | _aPERITONITE | ||
| 650 | _aBILIS | ||
| 773 | 0 |
_tMEDVEP. Revista Científica de Medicina Veterinária. Pequenos Animais e Animais de Estimação (Brazil) _xISSN 1678-1430 _g(2005), v. 3(10) p. 94-98 _wBR0801676 |
|
| 909 |
_a202311 _bLúcia _c55 _dLúcia Elande |
||
| 942 |
_2AGRIS _n0 _cANA |
||
| 999 |
_c194164 _d194164 |
||